| 000 | 00479nam a22001337a 4500 | ||
|---|---|---|---|
| 008 | 230525b |||||||| |||| 00| 0 eng d | ||
| 040 |
_aNational Science Library _cNational Science Library |
||
| 080 |
_aR 33(03)=914 _bJ6 |
||
| 245 |
_aProvisional list of technical terms in Hindi: _bDiplomacy _c/ Ministry of Education Government of Indian |
||
| 260 |
_aDelhi: _bMinistry of Education Government of Indian, _c1956 |
||
| 300 | _a31p. | ||
| 650 | _aEconomics | ||
| 942 |
_2udc _cREF |
||
| 999 |
_c34702 _d34702 |
||